书目信息 |
| 题名: |
滨里海盆地东缘晚古生代层序地层与沉积相
|
|
| 作者: | 金树堂 , 郑俊章 , 于炳松 主编 | |
| 分册: | ||
| 出版信息: | 北京 石油工业出版社 2016.04 |
|
| 页数: | 209页 | |
| 开本: | 26cm | |
| 丛书名: | ||
| 单 册: | ||
| 中图分类: | P534.3 | |
| 科图分类: | ||
| 主题词: | ||
| 电子资源: | ||
| ISBN: | 978-7-5183-0955-9 | |
| 000 | 01098nam0 2200253 450 | |
| 001 | 0109110211 | |
| 005 | 20201109110338.0 | |
| 010 | @a978-7-5183-0955-9@b精装@dCNY138.00 | |
| 100 | @a20160802e20192016em y0chiy50 ea | |
| 101 | 0 | @achi |
| 102 | @aCN@b110000 | |
| 105 | @aa z 000yy | |
| 106 | @ar | |
| 200 | 1 | @a滨里海盆地东缘晚古生代层序地层与沉积相@Abin li hai pen di dong yuan wan gu sheng dai ceng xu di ceng yu chen ji xiang@f金树堂, 郑俊章, 于炳松主编 |
| 210 | @a北京@c石油工业出版社@d2016.04@h2019.12 | |
| 215 | @a209页@c图@d26cm | |
| 330 | @a本书系统介绍了滨里海盆地东缘据钻井和地震资料所建立的晚古生代石炭纪层序地层格架,总结了其沉积相、亚相和微相组成,并以二级层序为单元厘定了沉积相平面展布,揭示了各沉积相带的时空分布。在此基础上分析了层序地层格架中的生、储、盖组合特征和滨里海盆地东缘晚古生代的油气成藏组合。 | |
| 607 | @a里海@Ali hai@x晚古生代@x地层层序 | |
| 690 | @aP534.3@v5 | |
| 701 | 0 | @a金树堂@Ajin shu tang@4主编 |
| 701 | 0 | @a郑俊章@Azheng jun zhang@4主编 |
| 701 | 0 | @a于炳松@Ayu bing song@4主编 |
| 801 | 0 | @aCN@bBJSZM@c20201103 |
| 905 | @b1240600-2@dP534.3@e162@f3 | |
| 滨里海盆地东缘晚古生代层序地层与沉积相/金树堂, 郑俊章, 于炳松主编.-北京:石油工业出版社,2016.04(2019.12) |
| 209页:图;26cm |
| ISBN 978-7-5183-0955-9(精装):CNY138.00 |
| 本书系统介绍了滨里海盆地东缘据钻井和地震资料所建立的晚古生代石炭纪层序地层格架,总结了其沉积相、亚相和微相组成,并以二级层序为单元厘定了沉积相平面展布,揭示了各沉积相带的时空分布。在此基础上分析了层序地层格架中的生、储、盖组合特征和滨里海盆地东缘晚古生代的油气成藏组合。 |
| ● |
| 相关链接 |
|
|
|
|
正题名:滨里海盆地东缘晚古生代层序地层与沉积相
索取号:P534.3/162
 
预约/预借
| 序号 | 登录号 | 条形码 | 馆藏地/架位号 | 状态 | 备注 |
| 1 | 1240600 | 212406001 | 第二样本阅览室/ [索取号:P534.3/162] | 在馆 | |
| 2 | 1240601 | 212406010 | 第三借阅区/ [索取号:P534.3/162] | 在馆 | |
| 3 | 1240602 | 212406029 | 第三借阅区/ [索取号:P534.3/162] | 在馆 |